Généraux de la Seconde Guerre Mondiale - Statistiques

Statistiques générales
  • Ce quiz a été pris 357 fois
  • Le résultat moyen est 9 sur 24
Statistiques - réponses
Par images Réponse % Correct
Charles André Joseph Marie de Gaulle
90%
Bernard Law Montgomery
86%
Erwin Rommel
77%
George Smith Patton Jr.
73%
Dwight David Eisenhower
72%
Douglas MacArthur
63%
Gueorgui Konstantinovitch Joukov
53%
Jean Joseph Marie Gabriel de Lattre de Tassigny
42%
Heinz Wilhelm Guderian
41%
Fritz Erich Georg Eduard von Manstein
38%
Josip Broz Tito
37%
Maxime Weygand
32%
Friedrich Wilhelm Ernst Paulus
29%
Giovanni Messe
23%
Tchang Kaï-chek
18%
Alfred Jodl
14%
Semion Konstantinovitch Timochenko
14%
Constantin Rokossovski
12%
Tomoyuki Yamashita
12%
Shunroku Hata
10%
Ivan Stepanovitch Koniev
9%
Ion Antonescu
5%
Draža Mihailović
4%
Alan Francis Brooke
2%
Aucun quiz correspondant
Distribution des résultats
% des personnes avec chaque résultat
Percentile par nombre de réponses
Votre historique - résultats
Vous n’avez pas pris ce quiz